Á lódáil...

Harvard Law Review

Sonraí Bibleagrafaíochta
Teanga:English
LEADER 00193nam a22000857a 4500
008 130215t xxu||||| |||| 00| 0 eng d
245 |a Harvard Law Review 
300 |a - 
942 |2 udc  |c CR  |s 1  |6 _ 
999 |c 140564  |d 140564